01477nam a2200337 a 450000500170000000800410001704000120005804100080007010000200007811000600009824501560015826000680031430000110038252003390039365000090073265000240074165000190076565000180078465000290080265000190083165000260085065000560087665000100093266200330094270000250097570000320100070000250103270000280105770000290108570000250111420200104041603.0141126b xxu||||| |||| 00| 0 spa d cCO-BoHI aspa aGómez, Amparo bFundación para la Conservación de la Vida Silvestre aConservación de la avifauna en el AICA La Patasola a través de una estrategia de zonificación y formulación de un Plan de Manejobinforme final aArmeniabFundasilvestrebInstituto Alexander von Humboldtc2005 a147 p. aEste informe presenta los resultados del trabajo desarrollado en la Reserva Natural La Patasola a nivel de caracterización biofísica (fauna, flora, suelo y aguas) y socieconómica de los predios vecinos, involucrando directamente a la comunidad en las acciones de conservación y de socialización de los resultados obtenidos. aAves aEspecies amenazadas aConservación aBiodiversidad aZonificación ambiental aVida silvestre aEducación ambiental aAreas de Importancia para la Conservación de Aves aAICAS cColombiadSalentobQuindío aMarín, Luz Adriana aRestrepo, Mónica Patricia aOrtiz, Carlos Arturo aGómez, Héctor Fabio aCardona, Carlos Andrés aMuñoz, Niny Johana